[Event "Wales Seniors Ch"]
[Site "?"]
[Date "2023.09.08"]
[Round "1.9"]
[White "Cooke, Mark"]
[Black "Hughes, Anthony"]
[Result "0-1"]
[WhiteElo "1413"]
[BlackElo "1838"]
[Annotator "User"]
[PlyCount "92"]
[EventDate "2023.09.08"]
[SourceVersionDate "2023.09.13"]

1. e4 c6 {no games available where Wh has faced the CaroKann} 2. d4 d5 3. e5 c5 4. c3 (4. Nf3 cxd4 5. Nxd4 Nc6 6. c4 e6 7. Nc3 Bb4 {R Van Kemenade-Hughes, WLS Seniors 2022,1-0}) (4. dxc5 e6 5. Nf3 Bxc5 6. a3 Nc6 7. b4 Be7 8. Bb2 Nh6 9. c4 {Adams-Hughes, WLS Seniors 2022,1-0}) 4... Nc6 5. Bb5 (5. Nf3 {main} cxd4 6. cxd4 Bg4 7. Be2 e6 8. a3 Qb6 9. b4 (9. Nbd2 {6-0-5}) 9... Bxf3 10. gxf3 Qxd4 11. Qxd4 Nxd4 12. Bd1 Rc8 $19 {Schulenburg-Hughes, Wld Seniors tm 50+,2018,1/2-1/2}) 5... Qb6 6. Bxc6+ bxc6 7. dxc5 Qxc5 8. Be3 Qa5 {0.5-3.5} (8... Qb5 {1-1-5}) 9. b4 Qc7 10. Nf3 (10. Bd4 a5 11. Ne2 e6 12. a3 Ne7 13. O-O Nf5 14. Nd2 Be7 15. Re1 O-O 16. Nb3 {Hlavac-Kalajzic, Bizovac Metalis op 2008,1/2-1/2}) 10... Bg4 (10... e6 $11 {SF16}) 11. Nbd2 e6 12. h3 (12. Qa4 $16 {SF16}) 12... Bh5 (12... Bxf3 13. Nxf3 Ne7 14. O-O Nf5 15. Bf4 Be7 $14 {SF16}) 13. O-O f6 (13... Ne7 $14) 14. Bd4 (14. Qa4 fxe5 15. Nxe5 Bd6 (15... Rc8 16. f4 Nf6 17. Qxa7 $18) 16. Nxc6 $18 (16. Qxc6+ $18)) 14... fxe5 15. Bxe5 Bd6 (15... Qxe5 16. Nxe5 Bxd1 17. Raxd1 Rc8 18. Nb3 $16 {SF16}) 16. Qa4 (16. Bxd6 Qxd6 17. Ne4 Qe7 18. Nc5 Nf6 19. g4 Bg6 20. Qd4 Ne4 21. Ne5 $16 {SF16}) 16... Bxe5 (16... Ne7 17. Rfe1 $16) 17. Nxe5 Ne7 18. Rfe1 O-O 19. Qc2 $11 {[Draw?]} (19. Nb3 a5 20. Nc5 Rf6 {SF16} 21. Rab1 $18) 19... c5 20. b5 (20. Qa4) 20... Rf6 21. f3 (21. Ndf3 $11) 21... Raf8 22. Nf1 Bg6 (22... Ng6 23. Qe2 Nf4 24. Qe3 Rf5 25. a4 Rg5 $15 {SF16}) 23. Qd2 (23. Qe2 $14) 23... Be8 (23... Bf5 $11) 24. a4 (24. Ng4 Rg6 25. a4 $16 {SF16} (25. Ne5 Rg5 26. a4 h6 27. Nh2 $14 {SF16})) 24... Qb6 25. Ng4 Rg6 26. Ne5 Rgf6 {[Draw?]} 27. Ne3 $16 h5 28. Nf1 {(Draw?]} (28. c4 Qd6 (28... d4 29. Nd1 Nf5 30. a5 $18) 29. Rad1 Bf7 (29... Qxe5 30. Nxd5 $18) 30. a5 Rd8 31. f4 $16 {SF16}) 28... Ng6 29. Nh2 (29. Qe3 d4 30. Qd3 Nf4 31. Qd2 dxc3 32. Qxc3 Nd5 33. Qc1 c4+ 34. Kh1 c3 35. Ne3 Qd4 36. Nxd5 exd5 37. Ra3 Re6 38. Qxc3 Qxc3 39. Rxc3 $14 {SF16}) 29... Rf5 (29... Nf4 30. Nf1 Rf5 31. Kh1 Qd6 32. Qe3 Rg5 33. Ra2 $11 {SF16}) 30. Nxg6 Bxg6 31. Qe2 $11 e5 32. a5 Qf6 33. Qd3 (33. Rad1) 33... d4 34. cxd4 (34. Qc4+ Kh7 35. Qxc5 Rd8 $11 {SF16}) 34... cxd4 (34... exd4 $19 {gives two connected passed pawns}) 35. Qe4 (35. b6 axb6 36. Qb3+ Kh7 37. Qxb6 Qxb6 38. axb6 R5f6 39. b7 Rb6 40. Rxe5 Rxb7 41. Rd1 d3 42. Nf1 $11 {SF16}) 35... Rg5 36. Qd5+ (36. Qc6 $11) 36... Kh7 37. Rac1 Rd8 38. Qc6 (38. Qa2) 38... Rd6 (38... Qf4 39. Rcd1 d3 $19 {SF16}) 39. Qb7 d3 $19 40. Rc6 e4 (40... d2 41. Rd1 e4) 41. Rxd6 Qxd6 42. Qxa7 d2 43. Rd1 Qd3 (43... Rc5 44. Nf1 Rc1 {alternative}) 44. Qf2 (44. Nf1 Qe2 45. Qf2 Qxd1) 44... e3 45. Qh4 e2 46. Qa4 e1=Q+ 0-1

[Event "Wales Seniors Ch"]
[Site "?"]
[Date "2023.09.09"]
[Round "2.1"]
[White "Miles, Richard"]
[Black "Davis, Lee"]
[Result "1/2-1/2"]
[WhiteElo "1967"]
[BlackElo "1927"]
[Annotator "User"]
[PlyCount "56"]
[EventDate "2023.09.08"]
[SourceVersionDate "2023.09.13"]

{[%evp 0,24,26,10,28,-16,37,37,37,44,44,44,44,44,46,29,63,54,58,57,57,57,57,40,62,57,62]} 1. d4 Nf6 2. c4 g6 3. Nc3 Bg7 4. Nf3 d6 5. e4 O-O 6. Be2 e5 7. O-O Nc6 8. d5 Ne7 {Mar del Plata var} 9. Ne1 Nd7 10. Nd3 f5 11. Bd2 {main} (11. exf5 gxf5 12. f4 e4 13. Nf2 Nc5 14. Be3 Ng6 15. Kh1 Qe7 16. Qd2 a5 17. g3 Rf7 18. Rg1 Bd7 19. b3 b6 20. h3 Re8 21. Kh2 Nb7 22. Rac1 {Miles-Davis, WCPl 2023,draw agreed [ only game between these two in the record]}) 11... Nf6 12. f3 Bd7 13. b4 (13. c5 {8 Wh wins, 1 draw}) 13... f4 14. c5 (14. a4 g5 15. a5 h5 16. Nf2 Rf7 17. c5 Bf8 18. Qb3 Kg7 19. Rfc1 Neg8 {Hufelschulte-Greger, NRW Verbandsliga 2013, 1/2-1/2 ( 66)} 20. c6 $18) 14... g5 15. Nf2 a6 16. a4 (16. b5 axb5 17. cxd6 cxd6 18. Qb3 $16 {SF16}) 16... h5 (16... b6 $5 {SF16}) 17. h3 {provides Bl with a hook to open the K side} (17. b5 $16 {SF16}) 17... Qe8 (17... Rf7 18. a5 Bf8 19. Qb3 Qe8 20. Rfc1 g4 21. fxg4 hxg4 22. hxg4 Rg7 23. cxd6 cxd6 24. Na4 Qg6 25. Nb6 Bxg4 $14 {SF16}) 18. cxd6 cxd6 19. b5 Qg6 20. bxa6 bxa6 21. a5 (21. Rb1 {is a little better it appears?} Rf7 22. Rb6 g4 23. fxg4 hxg4 24. hxg4 Bf8 25. Bf3 Qh6 26. Qe2 Ng6 27. Rfb1 Nh4 {sF16}) 21... g4 22. hxg4 hxg4 23. fxg4 Kf7 (23... Bh6 $1 24. Na4 Bb5 25. Bxb5 axb5 26. Nb6 Ra7 27. Bb4 Rd8 28. Ra3 Bg5 29. Rh3 Nxe4 30. Nxe4 Qxe4 31. Qb1 Qxb1 32. Rxb1 Kf7 $11 {SF16}) 24. Rb1 (24. Na4 Nc8 (24... Ra7 25. Nb6 Bb5 26. Bxb5 axb5 27. Qe2 Bh6 28. Ra3 Bg5 29. Rh3 $18) 25. Nb6 Nxb6 26. axb6 Rh8 27. Qb3 Qh6 28. Qh3 Qg6 29. Qf3 Bf8 30. b7 Rb8 31. Rab1 $18 {SF16}) 24... Ra7 25. Rb6 Nc8 26. Rb4 (26. Rxa6 Rxa6 27. Bxa6 Rh8 28. Be2 Bf8 29. Bf3 Qh7 30. Nh3 Rg8 31. Qe2 Bxg4 32. Bxg4 Nxg4 33. Qf3 Ke8 34. Rc1 $18 {SF16}) 26... Rh8 (26... Bh6 27. Na4 Bg5 28. Nb6 Bb5 29. Bxb5 axb5 30. Qc2 Ne7 31. Rxb5 Bh4 32. Nc4 Kg8 33. Be1 $14 {SF16}) 27. Na4 (27. Bf3 Qh7 28. Re1 $16 {SF16}) 27... Qh7 28. Nh3 Qg6 (28... Qg6 29. Rb8 Bxg4 30. Bxg4 Nxg4 31. Qb3 Rc7 32. Nb6 Na7 33. Rxh8 Bxh8 34. Na8 Re7 35. Qb8 Bf6 36. Nc7 Qxe4 $11 37. Ne6 Qxd5 38. Bxf4 Rxe6 39. Ng5+ Kg7 40. Nxe6+ Qxe6 41. Qxa7+ Kg6 42. Bg3 e4 $11 {SF16- typically obscure engine complications}) 1/2-1/2

[Event "Wales Seniors Ch"]
[Site "?"]
[Date "2023.09.09"]
[Round "2.2"]
[White "Adams, Mark"]
[Black "Saunders, Walter NR"]
[Result "1/2-1/2"]
[WhiteElo "1898"]
[BlackElo "1943"]
[Annotator "User"]
[PlyCount "40"]
[EventDate "2023.09.08"]
[SourceVersionDate "2023.09.13"]

{[%evp 0,20,50,19,99,77,114,104,88,66,94,96,107,52,60,25,44,7,62,41,15,-96,13]} 1. e4 g6 2. d4 Bg7 3. Nc3 d6 4. f4 a6 5. Nf3 b5 6. Be3 (6. Bd3 {main}) 6... Nd7 7. a3 Bb7 8. Be2 (8. Bd3 {main} c5 {9% for Wh}) 8... c5 {27% for Wh} 9. O-O Ngf6 10. Nd2 {0.5-5.5} (10. dxc5 Ng4 {1-2}) 10... O-O (10... Ng4 $1 11. Bxg4 cxd4 12. Bxd4 (12. Bxd7+ Qxd7 13. Bxd4 Bxd4+ 14. Kh1 O-O $19 {Mallee-Buchal, GER ch 55, Menden 1974,1/2-1/2} (14... Rc8 $1 $19)) 12... Bxd4+ 13. Kh1 O-O $17 {Curdo-Burnett, New Hampshire 1999,0-1}) 11. Bf3 (11. dxc5 Nxc5 $11 {SF16, though 0.5-2.5}) 11... cxd4 (11... Ng4 $19 12. Bxg4 cxd4 13. e5 dxc3 14. Nb3 cxb2 15. Rb1 Nb6 16. Na5 Bd5 {Atabek-Suttles, corr Finland 1977,0-1}) 12. Bxd4 e5 13. fxe5 (13. Be3 {Ngo (2421)-Nguyen (1945), VIE Hanoi cup 2021, 0-1}) 13... dxe5 14. Be3 Qc7 {SF16} (14... Nb6 15. Qe2 $11 {Ligezinski-Boehm, AUT ch tm ,1996 0-1}) 15. Qe2 Rac8 16. Rac1 Nc5 17. Qf2 Ne6 (17... Qe7 $15) 18. g3 (18. Nb3 $11 {SF16}) 18... Qe7 (18... Nd4 $17 {SF16}) 19. Nb3 Rfd8 (19... Rxc3 20. bxc3 Nxe4 21. Qg2 f5 $17 {SF16}) 20. Rfd1 h5 $17 1/2-1/2

[Event "Wales Seniors Ch"]
[Site "?"]
[Date "2023.09.09"]
[Round "2.3"]
[White "Van Kemenade, R."]
[Black "Havard, Gwyn"]
[Result "1/2-1/2"]
[WhiteElo "1934"]
[BlackElo "1848"]
[Annotator "User"]
[PlyCount "46"]
[EventDate "2023.09.12"]
[SourceVersionDate "2023.09.12"]

{[%evp 0,17,24,-33,-33,-25,-19,-51,-52,-52,-47,-56,-57,-45,-41,-36,-25,-13,-9,-11]} 1. f4 d5 2. Nf3 Bf5 3. d3 Nf6 4. g3 e6 5. Bg2 Bc5 6. e3 O-O 7. O-O Nc6 (7... c6 {main} 8. h3 h6 {Van Kemenade-Fritsch,EU Seniors 2011,0-1} (8... Qb6 {Van Kemenade-Fritsch, EU Seniors,2012,1-0})) 8. h3 h5 (8... h6 {3-1-1}) 9. a3 $14 {second line SF16} (9. Nh4 Qe7 $11 10. Kh2 Rad8 11. Qe2 Bh7 12. Nd2 e5 13. f5 {Hevesi-Balsai,Fuzesabony op 2004,1-0}) (9. Kh2 $14 {SF16}) 9... Qe7 10. Ne5 (10. b4 Bb6 11. Kh2 a5 12. b5 Na7 13. Nc3 $14 {SF16}) 10... Bd6 (10... Nxe5 11. fxe5 Nd7 12. Qxh5 Bb6 13. Nc3 c6 14. Kh2 Bg6 15. Qe2 Nxe5 16. e4 Bh7 $15 {SF16}) 11. d4 (11. Nxc6 bxc6 12. Nc3 e5 13. e4 $16 {SF16}) 11... Be4 (11... Ne4 12. Kh2 h4 13. g4 Bh7 14. c4 Bxe5 15. cxd5 exd5 16. dxe5 Rad8 17. Nd2 Ng3 18. Re1 d4 $11) 12. Nd2 (12. Rf2 Bxg2 13. Rxg2 Qd8 14. g4 Ne7 15. Nc3 $11 {SF16}) 12... Bxg2 13. Kxg2 g6 {weakens K side} (13... Qe8 $1 14. c4 Ne7 15. c5 Nf5 16. Qe1 Bxe5 17. dxe5 (17. fxe5 Nh7 18. Nf3 f6 19. e4 dxe4 20. Qxe4 Qg6 21. Qf4 Ng5 $17) 17... Ne4 18. Nxe4 dxe4 19. g4 Nh6 20. Qg3 (20. Bd2 hxg4 21. hxg4 Nxg4 22. Bc3 Rd8 23. Qg3 f5 24. exf6 Qg6 25. Rg1 gxf6 26. Kf1 f5 $17) 20... Rd8 21. b4 Qa4 22. f5 Rd1 23. Bb2 Rd2+ 24. Rf2 Qc2 25. Rxd2 Qxd2+ 26. Qf2 Qxf2+ 27. Kxf2 hxg4 28. hxg4 Nxg4+ 29. Ke2 exf5 30. Rd1 g5 31. Rd7 Rc8 32. e6 fxe6 33. Rg7+ Kf8 34. Rxg5 Rd8 35. Bd4 a6 36. a4 Rd5 $19 {SF16}) 14. c4 $14 (14. b3 Qe8 15. c4) 14... Bxe5 15. fxe5 (15. dxe5 {looked at in pm} Ne4 16. cxd5 {SF16} (16. Nxe4 dxe4 17. Qc2 Rad8 18. Qxe4 a5 $11 {SF16}) 16... exd5 17. Nxe4 dxe4 18. Qa4 Rfd8 19. Qxe4 Qe6 $11 {SF16}) 15... Ne4 (15... Nh7 16. Nf3 Qd7 17. Qc2 f5 18. exf6 Rxf6 19. Bd2 $14 {SF16}) 16. Nxe4 (16. cxd5 exd5 17. Nxe4 dxe4 18. Bd2 $16 {SF16}) 16... dxe4 17. Qc2 (17. Rf4 {alternative considered by Wh & pm analysis} f5 18. exf6 Rxf6 19. Rxe4 (19. Bd2 e5 20. dxe5 Nxe5 21. Bb4 Qf7 22. Rxf6 Qxf6 23. Qd5+ Qf7 24. Qxe4 $14 {SF16}) 19... Raf8 20. Rf4 g5 21. Rxf6 Qxf6 22. Qe2 {pm analysis} Qg6 23. Kh2 g4 24. Bd2 Qe4 25. Qg2 Qd3 26. Re1 Rf3 27. Bc3 Qe4 (27... Rxe3 28. Rxe3 Qxe3 29. d5 $11) 28. d5 exd5 29. cxd5 Ne7 30. Rf1 Kf7 31. Rxf3+ gxf3 32. Qd2 Nf5 $17) (17. Rf6 $1 {found by Bl's Engine} Nb8 18. Qc2 Nd7 19. Rf1 f5 20. exf6 Rxf6 (20... Nxf6 21. Bd2 a5 22. Rf4 Rf7 23. Raf1 b6 24. b4 $16) 21. Bd2 Raf8 22. Qxe4 $16 {SF16}) 17... f5 18. exf6 Rxf6 19. Rxf6 (19. Qxe4 {SF16} Raf8 (19... Rxf1 $2 20. Qxg6+ $18) 20. Bd2 Qf7 21. Rxf6 Qxf6 22. Kh1 $16 Ne7 (22... Kh7 23. Rg1 Qf2 24. Qg2 $16)) 19... Qxf6 20. Qxe4 Rf8 21. Qf4 Qg7 22. Qe4 (22. Qh4 e5 $17) 22... Qf7 23. Qf4 (23. Bd2 Qf2+ 24. Kh1 Qxd2 25. Qxg6+ $11) 23... Qg7 {[Draw?]} 1/2-1/2

[Event "Wales Seniors Ch"]
[Site "?"]
[Date "2023.09.09"]
[Round "2.4"]
[White "Hughes, Anthony"]
[Black "Morris, Charles F"]
[Result "1/2-1/2"]
[WhiteElo "1838"]
[BlackElo "2029"]
[Annotator "User"]
[PlyCount "34"]
[EventDate "2023.09.12"]
[SourceVersionDate "2023.09.13"]

{[%evp 0,28,40,-26,-6,-6,-21,-16,-16,-44,-32,-40,1,1,11,3,40,18,39,23,24,24,43,38,38,34,37,21,46,33,29]} 1. c4 e6 2. Nc3 d5 3. d4 Nf6 4. cxd5 exd5 5. Bg5 Be7 6. e3 O-O 7. Bd3 Nbd7 8. Qc2 c6 9. Nge2 Re8 10. O-O Nf8 11. f3 h6 (11... Be6) (11... Ng6 {main lines}) 12. Bh4 Ne6 13. Rae1 (13. Rad1) (13. Bf2 {main}) 13... c5 14. Bb5 (14. Kh1 $11 {main, 4-1}) 14... Bd7 (14... Rf8 15. Bxf6 Bxf6 16. dxc5 a6 17. Ba4 Nxc5 18. Rd1 Nxa4 19. Qxa4 Qb6 20. Nxd5 Qxb2 $11 {Svoboda-Kopera, SVK ch U16 , Ivanka pri Dunaji ,1999,1-0}) 15. Qa4 Nc7 (15... Bxb5 16. Qxb5 b6 $11 {SF16}) 16. Bxd7 (16. Bxf6 Nxb5 17. Bxe7 Qxe7 18. Nxd5 Qg5 19. e4 Bc6 20. Qb3 cxd4 21. Nef4 Rad8 22. Rd1 $11 {SF16}) 16... Nxd7 17. Bxe7 Qxe7 $11 {[Draw?]} 1/2-1/2

[Event "Wales Seniors Ch"]
[Site "?"]
[Date "2023.09.09"]
[Round "2.5"]
[White "Thomas, Mark"]
[Black "Phillips, William"]
[Result "1-0"]
[WhiteElo "1724"]
[BlackElo "1819"]
[Annotator "User"]
[PlyCount "171"]
[EventDate "2023.09.13"]
[SourceVersionDate "2023.09.13"]

1. e4 e5 2. Bb5 {Portuguese opening} a6 3. Ba4 Nc6 {offering a Ruy, but Wh has other ideas} 4. f4 {5-1} exf4 5. Nf3 d5 (5... g5 $17 {SF16- yet 2-0}) 6. exd5 Qxd5 7. Nc3 Qh5 8. O-O Bd6 (8... Nge7 9. Qe1 Bd7 10. d4 O-O-O 11. Bxf4 $11 {SF16}) 9. d4 (9. Ne4 $14) 9... Nge7 (9... Nf6) 10. Ne4 O-O 11. Nxd6 cxd6 12. Bxf4 $16 d5 13. c3 Ng6 14. Bg3 Bg4 15. Qd2 Bxf3 (15... Na5 16. h3 Bxf3 17. Rxf3 Nc4 18. Qf2 f5 19. Bc2 $16 {Sf16}) 16. Rxf3 $18 Nh4 17. Rf2 Nf5 18. Bf4 (18. Bd1 Qh6 19. Bf4 Qe6 20. Bg4 Rfe8 21. Bg5 g6 22. Qd3 $18 {SF16}) 18... Rad8 19. Raf1 (19. Bd1 $1 $18) 19... Nd6 20. Bxd6 Rxd6 21. Rf5 Qh6 22. Qxh6 $18 gxh6 23. Bb3 (23. Rf6) 23... Ne7 24. Rf6 Re6 25. c4 (25. Bc2 Re2 26. R6f2 Re6 27. Bd1 $18 {SF16}) 25... Kg7 26. R6f3 f6 27. cxd5 Rd6 28. Rg3+ Kf7 (28... Kh8 29. Rh3 Kg7) 29. Rc1 (29. Re3 Rfd8 30. Re6 f5 31. Rfe1 R8d7 (31... Nxd5 32. Rxd6 Rxd6 33. Re5 $18) 32. Kf2 Ke8 33. R1e5 Kd8 34. Ke3 $18 {SF16}) 29... Rc8 30. Rgc3 Rxc3 31. Rxc3 (31. bxc3 $18 {may be better to get running pawns ?}) 31... b6 32. Rc7 $18 f5 33. Kf2 Kf6 34. Ke3 b5 35. g3 a5 36. a3 Nxd5+ 37. Bxd5 Rxd5 38. Rc6+ Kg5 39. Rc5 Rxc5 (39... Rd6 40. Rxb5 Re6+ 41. Kf3 Re4 42. Rxa5 Rxd4 43. Rb5 $18) 40. dxc5 $18 Kf6 41. b4 (41. Kd4 {keeps K back, and runs Bl out of moves} Ke6 42. h4 h5 43. b3 h6 44. b4 a4 45. c6 Kd6 46. c7 Kxc7 47. Kc5 {SF16}) 41... axb4 42. axb4 Ke5 43. Kd3 h5 44. h4 Kd5 45. Ke3 Ke5 46. Kf3 h6 47. Ke3 Kd5 48. Kf4 Ke6 49. c6 Kd6 50. Kxf5 Kxc6 51. Kg6 Kd5 52. Kxh5 Kc4 53. Kxh6 Kxb4 54. g4 {loses a tempo} (54. Kg5 $1 $18 Kc4 55. Kf4 $1 {certainly not a straightforward idea to find- 'simple' K & P endings contain any number of tricky momoves to play absolutely precisely} (55. h5 b4 56. h6 b3 57. h7 b2 58. h8=Q b1=Q $11) 55... b4 {threatens to get in front of the pawn, so forces Bl to c3} 56. Ke3 $1 Kc3 57. h5 b3 58. h6 b2 59. h7 b1=Q 60. h8=Q+ Kc4 {and because of the proximity of the K, Wh can force a Q swap!} 61. Qd4+) 54... Kc3 (54... Kc5 $1 $11 {so no check if h pawn gets in}) 55. Kg5 (55. g5 b4 56. g6 b3 57. g7 b2 58. g8=Q b1=Q $11) 55... b4 56. h5 b3 57. h6 b2 58. h7 b1=Q 59. h8=Q+ Kd2 {Tablebases give this as a draw, but clearly Wh retains winning chances if Bl misses the correct defence} 60. Qd4+ Ke2 {the K needs to get as far away from its own Q as possible, so as not to get in the way of the Q checking} 61. Qc4+ Kd2 (61... Kf2) 62. Kf4 Qb8+ 63. Kf3 Qb7+ 64. Kg3 Qg7 65. Qf4+ Kd3 66. g5 Qa1 $2 (66... Kc2 $11) (66... Qe7 $11) 67. Kg4 $18 (67. Qf5+ $1 Kd2 68. g6 $18 {TB}) 67... Qg7 68. Qf5+ (68. Qf6) 68... Ke3 69. Qe6+ Kd3 70. Qf6 Qa7 71. Kf5 $2 (71. g6 $18 {TB}) 71... Qb7 $2 (71... Qf2+ 72. Kg6 Qh4 $11) (71... Kc2 72. g6 Qf2+ $11 {both TB}) 72. Kg6 $2 (72. Qd6+ {mate in 66, TB}) 72... Ke4 $2 (72... Kc2 $11 {keep away, don't get in the way of the Q}) 73. Qf5+ (73. Kh6 {mate in 69}) 73... Kd4 $11 74. Qf7 Qe4+ 75. Kg7 Kc5 76. g6 $11 {still} Kc6 $2 (76... Kb4 $11 {only move}) 77. Kg8 {mate in 46} Kd6 78. g7 Kc5 79. Qh5+ (79. Qf6 {best}) 79... Kd6 80. Kh8 Qd4 81. Kh7 Qa7 82. Qh4 (82. Qg6+ Kd5 83. Kh6 Qe3+ 84. Qg5+ {is simplest-TB}) 82... Ke6 83. Kh8 (83. Qg4+ $1 Kd5 84. Kh6 Qb6+ 85. Qg6 Qe3+ 86. Qg5+) 83... Qa1 84. Qh5 Qf6 (84... Ke7 {mate in 18}) 85. Kh7 {mate in 10} Qe7 86. Qe2+ {not the easiest of endgames for either player} 1-0

[Event "Wales Seniors Ch"]
[Site "?"]
[Date "2023.09.09"]
[Round "2.6"]
[White "Batey, Richard"]
[Black "Van Kemenade, J."]
[Result "1/2-1/2"]
[WhiteElo "2044"]
[BlackElo "1670"]
[Annotator "User"]
[PlyCount "17"]
[EventDate "2023.09.09"]
[SourceVersionDate "2023.09.10"]

{[%evp 0,7,28,18,83,86,74,62,50,48]} 1. e4 d6 2. d4 Nd7 3. f4 Ngf6 (3... e5) 4. Nc3 (4. e5 Ne4 {Cloud Engines} 5. Nf3 (5. Bd3 d5 6. Nf3 {Kwiecinski-Tusk,POl ch tm 1999,1-0}) 5... d5) 4... e5 5. Nf3 c6 {Wh now spent more than 35 minutes thinking} (5... exd4 6. Qxd4 c6 {main} 7. Be3 d5) 6. fxe5 (6. dxe5 dxe5 7. fxe5 Ng4 8. e6 (8. Bf4 Bc5 9. Qd2 Qe7 (9... Bf2+ 10. Ke2 Qb6 (10... Bb6 11. h3 Nh6 12. Rd1 $16) 11. h3 $18 {Marcotulli-Wiander, Wld ch ICCF 2008,1-0})) 8... fxe6 9. Ng5 Nde5 10. Qxd8+ Kxd8 11. h3 Nh6 12. Bf4 Nhf7 13. O-O-O+ Ke7 {67 for Wh}) 6... dxe5 7. Nxe5 $146 (7. dxe5 Ng4 8. e6) 7... Nxe5 8. dxe5 Qxd1+ 9. Nxd1 $11 {[Draw?]} 1/2-1/2

[Event "Wales Seniors Ch"]
[Site "?"]
[Date "2023.09.09"]
[Round "2.7"]
[White "Quinn, Peter"]
[Black "Morgan, David"]
[Result "1/2-1/2"]
[WhiteElo "1645"]
[BlackElo "1524"]
[Annotator "User"]
[PlyCount "103"]
[EventDate "2023.09.09"]
[SourceVersionDate "2023.09.14"]

1. e4 c5 2. Nf3 g6 {Hyper-accelerated Dragon} 3. d4 cxd4 4. Nxd4 Bg7 5. Be3 Nc6 6. Nc3 Nf6 7. f3 {Wh needs to be careful with move order here} (7. Bc4 {main}) 7... O-O 8. Bc4 (8. Qd2 d5 {30 % for Wh ,4179 games}) 8... Qb6 9. Qd2 (9. Bb3 Nxe4 {910 games}) 9... Nxe4 {566 games} 10. fxe4 Bxd4 11. Bxd4 Qxd4 12. Qxd4 Nxd4 13. O-O-O {17 % for Wh, 192 games} Nc6 14. Nd5 Kg7 15. Bb5 {6% for Wh,16 games} (15. Rhf1 {15% for Wh, 27 games}) 15... e6 (15... Rb8 {also}) 16. Ne3 {0-3} Ne5 (16... a6 {0-2}) 17. h3 (17. Nc4 Nxc4 18. Bxc4 a6 19. a4 Rb8 {Haie-Jablonski, Paris Apsap op 2002,0-1}) 17... a6 18. Ba4 b5 19. Bb3 Bb7 $19 20. Rd4 Bc6 (20... h5 $19 {SF14.1 & 16}) 21. Rhd1 f5 {mobilizes a centre, but eliminates a Wh weakness} (21... h5) 22. exf5 gxf5 23. g3 d5 24. c3 Be8 (24... Rf6 {both Engines}) 25. Rf1 Bh5 26. a3 Be2 27. Rh1 Bf3 28. Rf1 Be4 29. Bc2 Nf3 30. Rb4 Ng5 (30... Ne5) 31. h4 Bxc2 32. Kxc2 Ne4 {Bl does have a centre, but it looks a bit static} 33. Rf3 Rfd8 34. a4 $17 Nd6 (34... h5 {both engines, keep a lid on g3 pawn}) 35. axb5 (35. g4 $1 {both SF} fxg4 36. Rxg4+ Kh8 37. Rf6 Re8 38. a5 $11 {Wh has generated piece activity}) 35... axb5 (35... a5 36. Ra4 h5 $17 {both SF}) 36. g4 Nc4 $2 (36... fxg4 37. Rxg4+ Kh8 $11) 37. gxf5 Nxe3+ 38. Rxe3 exf5 39. Rxb5 $14 d4 (39... Rab8 {SF14.1}) (39... Ra4 {SF16}) 40. Rb7+ (40. Rg3+ Kf6 41. Rf3 $18) 40... Kf6 41. cxd4 (41. Rb6+ Kg7 42. Rg3+ Kf7 43. Rf3 Ra5 44. c4 $16 {SF16}) 41... Rxd4 42. Rxh7 $11 Raa4 (42... Kg6) 43. Rh6+ Kg7 44. Rh5 Rac4+ 45. Rc3 Rxh4 (45... Kg6 $11) 46. Rxf5 $18 {because the B K is unable to get in front of the pawn on time} Kg6 47. Rc5 $11 (47. Rxc4 Rxc4+ 48. Kb3 Rc7 49. Rf2 $18 {and obtains a Lucena position}) 47... Rb4 48. Rc6+ Kf7 49. Rc7+ Ke6 50. R7c6+ Kd7 51. Rc7+ Kd6 52. R3c6+ 1/2-1/2

[Event "Wales Seniors Ch"]
[Site "?"]
[Date "2023.09.09"]
[Round "2.8"]
[White "Dodington, Russell H"]
[Black "Thomas, Roy"]
[Result "0-1"]
[WhiteElo "1435"]
[BlackElo "1641"]
[Annotator "User"]
[PlyCount "64"]
[EventDate "2023.09.09"]
[SourceVersionDate "2023.09.14"]

1. d4 (1. e4 {main move for Wh}) 1... f5 2. e4 fxe4 3. Nc3 Nf6 4. Bg5 e6 (4... Nc6) (4... g6 {main lines}) (4... c6 {2-1 Thomas}) 5. Nxe4 Be7 6. Bxf6 {main, Bl has to be careful as his K side can become vulnerable} (6. Nxf6+ Bxf6 7. Bxf6 Qxf6 8. Nf3 O-O {Summers-Thomas, Tom Weston Major op 2016,1/2-1/2}) 6... Bxf6 7. c3 (7. Nf3 {main} O-O 8. Bd3 Nc6 9. c3 b6 10. Qc2 (10. Qe2 a5 11. h4 {Hurn-Thomas, S Wales Int 2023,0-1}) 10... h6 11. h4 {Hughes-Thomas, Tom Weston Major op 2017,1-0}) (7. Qh5+ g6 8. Qh6 Qe7 9. Nxf6+ Qxf6 10. Nf3 Qf8 11. Qd2 b6 12. d5 Qf6 13. O-O-O {Braun-Thomas,S Wales Autumn, Pencoed 2015,1-0}) 7... O-O 8. Bd3 d5 9. Ng3 (9. Nxf6+ Qxf6 10. Nf3 c5 {Cloud Engines; 6-3-2} (10... Nc6 {transposes to 83 games, 71% for Wh})) 9... Qe8 (9... Bg5 10. Nf3 Bh6 11. Ne5 (11. Qc2 $18 g6 $2 12. Bxg6 hxg6 13. Qxg6+ Bg7 14. Nh5 Qe7 15. Ng5 $18) 11... Nc6 12. Ng4 Bg5 13. Qc2 g6 14. h4 (14. Bxg6) 14... Bxh4 (14... Bf4 15. Ne2 $11) 15. Bxg6 $18 {Malanowski-Felix,Curitiba Terzian mem 2014,1-0}) (9... c5 $15 {Cloud Engines}) 10. Qc2 g6 11. Nf3 e5 {slightly plus for Wh, SF16; = Fritz13} (11... c5 $11 {SF16}) 12. dxe5 Bxe5 (12... Nd7 {keeps the B to protect the K}) 13. O-O Bxg3 14. fxg3 $18 (14. hxg3 {also winning, but less than the text}) 14... Bf5 15. Qb3 $2 (15. Bxf5 Rxf5 16. Qd2 Qc6 17. g4 Rf7 18. Nd4 Rxf1+ 19. Rxf1 $18 {SF16 with an attack}) (15. Rae1 $1 Qb5 (15... Bxd3 16. Qxd3 Qd8 17. Ne5 Na6 18. Ng4 $18) 16. Ne5 Qc5+ 17. Kh1 Nc6 18. Bxf5 Nxe5 19. Rxe5 Qd6 20. Qe2 Rxf5 21. Rfxf5 gxf5 22. Re6 (22. Rxf5 $18) 22... Qf8 23. Qe5 $18 {Bl will be unable to safe his K from the draught}) 15... Qe3+ 16. Kh1 Qxd3 $19 17. Qxb7 Nd7 18. Rfd1 Qc4 19. b3 Qc5 20. Qxd5+ Qxd5 21. Rxd5 Nf6 22. Rc5 Rf7 23. Nd4 Ne4 24. Nxf5 Nxc5 25. Nh6+ Kg7 26. Nxf7 Kxf7 27. Rd1 Ke7 28. Kg1 Rd8 29. Rxd8 Kxd8 30. Kf1 Ne4 31. c4 c5 32. Ke2 Nc3+ 0-1